000 00793cam a2200253 a 4500
001 000019682
005 20200929170112.0
008 820805s1968 sp 001 e spa d
040 _aDO-SdBNP
_bspa
_cDLC
_dBNPHU
082 _a864.62
_bU54s, 1968
100 1 _aUnamuno, Miguel de,
_d1864-1936
_96254
245 1 0 _aSoliloquios y conversaciones /
_cMiguel de Unamuno.
250 _a6a ed.
260 _aMadrid :
_bEspasa-Calpe,
_c1968.
300 _a168 p. ;
_c18 cm.
490 1 _aAustral. Verde: ensayos y filosofía
_v286
504 _aIncluye índice de autores
650 4 _aEnsayos españoles
_93095
650 4 _aLiteratura española
_9632
830 0 _aAustral.
_pVerde: ensayos y filosofía;
_v286
_98733
910 _aCatalogación derivada / LC
910 _aWM
049 _aBNGR
999 _c19197
_d19197